| 000 | 01344cam a2200385 a 4500 | ||
|---|---|---|---|
| 001 | 3833 | ||
| 003 | FISKH | ||
| 005 | 20240515155246.0 | ||
| 008 | 051207s2006 ohua b 000 1 eng | ||
| 010 | _a 2005055076 | ||
| 020 | _a0769646190 (hardcover : alk. paper) | ||
| 040 |
_aDLC _cDLC _dDLC _beng |
||
| 042 | _alcac | ||
| 050 | 0 | 0 |
_aPZ7.K56494 _bLam 2006 |
| 082 | 0 | 0 |
_a[E] _222 |
| 100 | 1 | _aKimpton, Diana. | |
| 245 | 1 | 4 |
_aThe lamb-a-roo / _cby Diana Kimpton ; illustrated by Rosalind Beardshaw. |
| 250 | _aThis edition published by Parragon 2012 | ||
| 260 |
_aLondon : _bParragon, _c2010. |
||
| 300 |
_a28 unnumbered pages : _bcolor illustrations ; _c30 cm |
||
| 505 | _aH | ||
| 520 | _aWhen motherless Lamb and childless Kangaroo find and adopt each other, they come to realize that their awkward differences are not nearly as important as their love for each other. | ||
| 521 | 8 |
_a500
_bLexile estimate |
|
| 521 | 8 |
_aH
_bRaz-Plus |
|
| 650 | 1 |
_aSheep _vFiction. |
|
| 650 | 1 |
_aKangaroos _vFiction. |
|
| 650 | 1 |
_aAnimals _xInfancy _vFiction. |
|
| 650 | 1 |
_aAdoption _vFiction. |
|
| 650 | 1 |
_aIndividuality _vFiction. |
|
| 650 | 1 |
_aMother and child _vFiction. |
|
| 700 | 1 |
_aBeardshaw, Rosalind, _eillustrator |
|
| 906 |
_a7 _bcbc _corignew _d1 _eocip _f20 _gy-gencatlg |
||
| 942 |
_2ddc _cBK _n0 |
||
| 999 |
_c3833 _d3833 |
||